[Event "ODJM A 2025"]
[Site "Willingen GER"]
[Date "2025.06.11"]
[Round "5"]
[White "Jürgenpott, Maximilian"]
[Black "Grunert, Wilhelm"]
[Result "0-1"]
[Termination "normal"]
[Board "33"]
[WhiteElo "1867"]
[BlackElo "1892"]
[WhiteClock "00:16:06"]
[BlackClock "00:19:32"]
[PlyCount "98"]
[WhiteFideId "16297733"]
[BlackFideId "12995673"]
[EventCountry "GER"]
[EventRounds "9"]
[EventType "swiss"]
[EventDate "2025.06.07"]

1. Nf3 {[%clk 01:30:57]} {[%emt 00:00:02]} Nf6 {[%clk 01:30:43]} {[%emt
00:00:17]} 2. e3 {[%clk 01:31:21]} {[%emt 00:00:06]} g6 {[%clk 01:30:58]}
{[%emt 00:00:16]} 3. c4 {[%clk 01:31:43]} {[%emt 00:00:08]} Bg7 {[%clk
01:31:12]} {[%emt 00:00:17]} 4. Nc3 {[%clk 01:32:03]} {[%emt 00:00:09]} O-O
{[%clk 01:31:21]} {[%emt 00:00:21]} 5. d4 {[%clk 01:32:18]} {[%emt 00:00:15]}
c5 {[%clk 01:31:29]} {[%emt 00:00:22]} 6. Bd3 {[%clk 01:31:44]} {[%emt
00:01:04]} cxd4 {[%clk 01:31:22]} {[%emt 00:00:38]} 7. exd4 {[%clk 01:32:09]}
{[%emt 00:00:05]} d5 {[%clk 01:30:58]} {[%emt 00:00:53]} 8. O-O {[%clk
01:21:42]} {[%emt 00:10:56]} Nc6 {[%clk 01:31:00]} {[%emt 00:00:29]} 9. h3
{[%clk 01:21:14]} {[%emt 00:00:57]} dxc4 {[%clk 01:30:44]} {[%emt 00:00:47]}
10. Bxc4 {[%clk 01:21:38]} {[%emt 00:00:06]} Na5 {[%clk 01:30:48]} {[%emt
00:00:26]} 11. Be2 {[%clk 01:21:33]} {[%emt 00:00:34]} Be6 {[%clk 01:30:26]}
{[%emt 00:00:53]} 12. b3 {[%clk 01:18:15]} {[%emt 00:03:48]} a6 {[%clk
01:14:28]} {[%emt 00:16:29]} 13. Bb2 {[%clk 01:18:07]} {[%emt 00:00:37]} b5
{[%clk 01:13:18]} {[%emt 00:01:41]} 14. Bd3 {[%clk 01:08:29]} {[%emt 00:10:07]}
Qb6 {[%clk 00:50:17]} {[%emt 00:23:32]} 15. Ng5 {[%clk 00:52:59]} {[%emt
00:15:59]} Rfd8 {[%clk 00:40:20]} {[%emt 00:10:27]} 16. Qe2 {[%clk 00:45:45]}
{[%emt 00:07:42]} Rd6 {[%clk 00:27:32]} {[%emt 00:13:20]} 17. Nce4 {[%clk
00:31:59]} {[%emt 00:14:16]} Nxe4 {[%clk 00:26:57]} {[%emt 00:01:05]} 18. Nxe4
{[%clk 00:31:58]} {[%emt 00:00:30]} Rd5 {[%clk 00:25:33]} {[%emt 00:01:55]} 19.
Nc5 {[%clk 00:31:42]} {[%emt 00:00:45]} Bxd4 {[%clk 00:21:30]} {[%emt
00:04:34]} 20. Bxd4 {[%clk 00:29:43]} {[%emt 00:02:29]} Rxd4 {[%clk 00:21:50]}
{[%emt 00:00:09]} 21. Nxe6 {[%clk 00:29:56]} {[%emt 00:00:17]} Qxe6 {[%clk
00:21:44]} {[%emt 00:00:37]} 22. Qxe6 {[%clk 00:28:53]} {[%emt 00:01:33]} fxe6
{[%clk 00:22:10]} {[%emt 00:00:04]} 23. Be2 {[%clk 00:29:08]} {[%emt 00:00:14]}
Rc8 {[%clk 00:18:15]} {[%emt 00:04:26]} 24. Rfd1 {[%clk 00:11:17]} {[%emt
00:18:19]} Rxd1+ {[%clk 00:14:23]} {[%emt 00:04:24]} 25. Bxd1 {[%clk 00:10:06]}
{[%emt 00:01:41]} Nb7 {[%clk 00:12:40]} {[%emt 00:02:13]} 26. Bg4 {[%clk
00:08:25]} {[%emt 00:02:10]} Kf7 {[%clk 00:12:45]} {[%emt 00:00:26]} 27. Re1
{[%clk 00:06:23]} {[%emt 00:02:32]} Rc6 {[%clk 00:11:52]} {[%emt 00:01:23]} 28.
Bf3 {[%clk 00:06:24]} {[%emt 00:00:27]} Rb6 {[%clk 00:12:06]} {[%emt 00:00:18]}
29. a4 {[%clk 00:02:01]} {[%emt 00:04:53]} bxa4 {[%clk 00:07:31]} {[%emt
00:05:05]} 30. bxa4 {[%clk 00:01:59]} {[%emt 00:00:32]} Nc5 {[%clk 00:07:41]}
{[%emt 00:00:20]} 31. Ra1 {[%clk 00:01:56]} {[%emt 00:00:32]} Rb4 {[%clk
00:06:06]} {[%emt 00:02:06]} 32. a5 {[%clk 00:01:24]} {[%emt 00:01:02]} Ra4
{[%clk 00:05:47]} {[%emt 00:00:49]} 33. Rxa4 {[%clk 00:00:55]} {[%emt
00:00:59]} Nxa4 {[%clk 00:06:13]} {[%emt 00:00:04]} 34. Be2 {[%clk 00:01:15]}
{[%emt 00:00:09]} Nc5 {[%clk 00:06:32]} {[%emt 00:00:12]} 35. Kf1 {[%clk
00:01:04]} {[%emt 00:00:39]} Kf6 {[%clk 00:03:55]} {[%emt 00:03:08]} 36. Ke1
{[%clk 00:01:28]} {[%emt 00:00:06]} Ke5 {[%clk 00:04:07]} {[%emt 00:00:19]} 37.
Kd2 {[%clk 00:01:51]} {[%emt 00:00:06]} Kd4 {[%clk 00:04:27]} {[%emt 00:00:10]}
38. Kc2 {[%clk 00:01:12]} {[%emt 00:01:09]} e5 {[%clk 00:04:22]} {[%emt
00:00:35]} 39. Kd2 {[%clk 00:00:32]} {[%emt 00:01:11]} e4 {[%clk 00:03:07]}
{[%emt 00:01:45]} 40. h4 {[%clk 00:00:38]} {[%emt 00:00:25]} Nd3 {[%clk
00:02:21]} {[%emt 00:01:15]} 41. f3 {[%clk 00:23:06]} {[%emt 00:08:00]} exf3
{[%clk 00:27:38]} {[%emt 00:05:15]} 42. gxf3 {[%clk 00:23:14]} {[%emt
00:00:21]} Nc5 {[%clk 00:26:29]} {[%emt 00:01:39]} 43. Bd1 {[%clk 00:20:00]}
{[%emt 00:03:44]} Kc4 {[%clk 00:25:04]} {[%emt 00:01:56]} 44. Ke3 {[%clk
00:17:22]} {[%emt 00:03:07]} Kb4 {[%clk 00:21:01]} {[%emt 00:04:34]} 45. Kf4
{[%clk 00:17:43]} {[%emt 00:00:08]} Ne6 {[%clk 00:20:28]} {[%emt 00:01:03]} 46.
Ke5 {[%clk 00:18:08]} {[%emt 00:00:05]} Ng7 {[%clk 00:20:45]} {[%emt 00:00:12]}
47. f4 {[%clk 00:15:39]} {[%emt 00:03:00]} Kxa5 {[%clk 00:20:49]} {[%emt
00:00:27]} 48. f5 {[%clk 00:15:49]} {[%emt 00:00:19]} Nxf5 {[%clk 00:19:49]}
{[%emt 00:01:31]} 49. h5 {[%clk 00:16:06]} {[%emt 00:00:12]} Kb4 {[%clk
00:19:32]} {[%emt 00:00:48]} 0-1

[Event "ODJM A 2025"]
[Site "Willingen GER"]
[Date "2025.06.11"]
[Round "5"]
[White "Arne, Jonas"]
[Black "Schuricht, Paul Alexander"]
[Result "1/2-1/2"]
[Termination "normal"]
[Board "34"]
[WhiteElo "1938"]
[BlackElo "1920"]
[WhiteClock "00:41:41"]
[BlackClock "00:09:14"]
[PlyCount "52"]
[WhiteFideId "34640398"]
[BlackFideId "16270177"]
[EventCountry "GER"]
[EventRounds "9"]
[EventType "swiss"]
[EventDate "2025.06.07"]

1. c4 {[%clk 01:30:58]} {[%emt 00:00:02]} Nf6 {[%clk 01:30:52]} {[%emt
00:00:08]} 2. Nc3 {[%clk 01:31:23]} {[%emt 00:00:05]} g6 {[%clk 01:31:16]}
{[%emt 00:00:06]} 3. e4 {[%clk 01:31:47]} {[%emt 00:00:05]} d6 {[%clk
01:31:42]} {[%emt 00:00:05]} 4. d4 {[%clk 01:31:48]} {[%emt 00:00:30]} Bg7
{[%clk 01:32:04]} {[%emt 00:00:08]} 5. h3 {[%clk 01:31:58]} {[%emt 00:00:20]}
O-O {[%clk 01:32:25]} {[%emt 00:00:09]} 6. Be3 {[%clk 01:31:46]} {[%emt
00:00:42]} e5 {[%clk 01:32:02]} {[%emt 00:00:52]} 7. Nf3 {[%clk 01:32:05]}
{[%emt 00:00:10]} Nc6 {[%clk 01:22:07]} {[%emt 00:10:26]} 8. d5 {[%clk
01:30:03]} {[%emt 00:02:32]} Ne7 {[%clk 01:22:29]} {[%emt 00:00:08]} 9. g4
{[%clk 01:25:23]} {[%emt 00:05:10]} Kh8 {[%clk 01:21:26]} {[%emt 00:01:32]} 10.
Be2 {[%clk 01:22:36]} {[%emt 00:03:17]} Ne8 {[%clk 01:09:55]} {[%emt 00:12:02]}
11. g5 {[%clk 01:19:32]} {[%emt 00:03:34]} f5 {[%clk 01:04:40]} {[%emt
00:05:45]} 12. gxf6 {[%clk 01:19:31]} {[%emt 00:00:31]} Nxf6 {[%clk 01:04:55]}
{[%emt 00:00:15]} 13. Qd3 {[%clk 01:10:41]} {[%emt 00:09:20]} Neg8 {[%clk
00:59:47]} {[%emt 00:05:37]} 14. O-O-O {[%clk 01:10:21]} {[%emt 00:00:51]} Bh6
{[%clk 00:58:24]} {[%emt 00:01:53]} 15. Rdg1 {[%clk 01:07:41]} {[%emt
00:03:09]} Nh5 {[%clk 00:54:41]} {[%emt 00:04:13]} 16. h4 {[%clk 01:01:18]}
{[%emt 00:06:54]} Nf4 {[%clk 00:48:48]} {[%emt 00:06:22]} 17. Bxf4 {[%clk
00:59:58]} {[%emt 00:01:51]} Rxf4 {[%clk 00:48:37]} {[%emt 00:00:40]} 18. Kb1
{[%clk 00:59:47]} {[%emt 00:00:41]} Nf6 {[%clk 00:47:08]} {[%emt 00:02:00]} 19.
Ng5 {[%clk 00:55:00]} {[%emt 00:05:17]} Qe7 {[%clk 00:40:16]} {[%emt 00:07:22]}
20. Ka1 {[%clk 00:52:17]} {[%emt 00:03:13]} Bd7 {[%clk 00:33:40]} {[%emt
00:07:05]} 21. f3 {[%clk 00:51:08]} {[%emt 00:01:39]} Nh5 {[%clk 00:29:31]}
{[%emt 00:04:39]} 22. Qe3 {[%clk 00:49:32]} {[%emt 00:02:06]} a6 {[%clk
00:11:22]} {[%emt 00:18:41]} 23. Rh2 {[%clk 00:43:24]} {[%emt 00:06:36]} Rff8
{[%clk 00:11:12]} {[%emt 00:00:40]} 24. Nf7+ {[%clk 00:41:08]} {[%emt
00:02:46]} Qxf7 {[%clk 00:11:39]} {[%emt 00:00:03]} 25. Qxh6 {[%clk 00:41:31]}
{[%emt 00:00:08]} Qf4 {[%clk 00:09:53]} {[%emt 00:02:17]} 26. Qxf4 {[%clk
00:41:41]} {[%emt 00:00:19]} Rxf4 {[%clk 00:09:14]} {[%emt 00:01:08]} 1/2-1/2

[Event "ODJM A 2025"]
[Site "Willingen GER"]
[Date "2025.06.11"]
[Round "5"]
[White "Direk, Oguzhan"]
[Black "Seifert, Hendrik"]
[Result "1-0"]
[Termination "normal"]
[Board "35"]
[WhiteElo "1912"]
[BlackElo "1811"]
[WhiteClock "00:27:07"]
[BlackClock "00:00:37"]
[PlyCount "79"]
[WhiteFideId "16294343"]
[BlackFideId "16241193"]
[EventCountry "GER"]
[EventRounds "9"]
[EventType "swiss"]
[EventDate "2025.06.07"]

1. d4 {[%clk 01:30:57]} {[%emt 00:00:02]} Nf6 {[%clk 01:30:53]} {[%emt
00:00:09]} 2. Nc3 {[%clk 01:31:21]} {[%emt 00:00:06]} d5 {[%clk 01:31:17]}
{[%emt 00:00:06]} 3. Bf4 {[%clk 01:31:45]} {[%emt 00:00:05]} g6 {[%clk
01:31:31]} {[%emt 00:00:16]} 4. Nb5 {[%clk 01:31:53]} {[%emt 00:00:23]} Na6
{[%clk 01:31:47]} {[%emt 00:00:14]} 5. e3 {[%clk 01:32:13]} {[%emt 00:00:09]}
Bg7 {[%clk 01:31:44]} {[%emt 00:00:33]} 6. h3 {[%clk 01:32:33]} {[%emt
00:00:10]} O-O {[%clk 01:30:51]} {[%emt 00:01:22]} 7. Nf3 {[%clk 01:32:53]}
{[%emt 00:00:10]} Ne4 {[%clk 01:30:13]} {[%emt 00:01:08]} 8. Be2 {[%clk
01:28:05]} {[%emt 00:05:18]} c6 {[%clk 01:28:16]} {[%emt 00:02:28]} 9. Na3
{[%clk 01:24:29]} {[%emt 00:04:07]} Qb6 {[%clk 01:25:30]} {[%emt 00:03:15]} 10.
Qc1 {[%clk 01:21:03]} {[%emt 00:03:56]} f6 {[%clk 01:11:38]} {[%emt 00:14:22]}
11. O-O {[%clk 01:17:18]} {[%emt 00:04:14]} Bd7 {[%clk 01:02:16]} {[%emt
00:09:53]} 12. c3 {[%clk 01:14:03]} {[%emt 00:03:44]} Rae8 {[%clk 00:59:09]}
{[%emt 00:03:37]} 13. Nb1 {[%clk 01:04:21]} {[%emt 00:10:12]} Nc7 {[%clk
00:42:49]} {[%emt 00:16:51]} 14. Nbd2 {[%clk 00:59:43]} {[%emt 00:05:06]} g5
{[%clk 00:40:35]} {[%emt 00:02:45]} 15. Bh2 {[%clk 00:55:38]} {[%emt 00:04:34]}
g4 {[%clk 00:38:43]} {[%emt 00:02:25]} 16. hxg4 {[%clk 00:54:51]} {[%emt
00:01:15]} Bxg4 {[%clk 00:38:26]} {[%emt 00:00:47]} 17. a4 {[%clk 00:55:11]}
{[%emt 00:00:12]} Ne6 {[%clk 00:34:56]} {[%emt 00:03:59]} 18. a5 {[%clk
00:52:08]} {[%emt 00:03:33]} Qd8 {[%clk 00:35:12]} {[%emt 00:00:14]} 19. Nxe4
{[%clk 00:47:11]} {[%emt 00:05:27]} dxe4 {[%clk 00:30:08]} {[%emt 00:05:33]}
20. Ng5 {[%clk 00:46:37]} {[%emt 00:01:04]} Nxg5 {[%clk 00:28:54]} {[%emt
00:01:44]} 21. Bxg4 {[%clk 00:47:00]} {[%emt 00:00:07]} Qd5 {[%clk 00:27:10]}
{[%emt 00:02:13]} 22. a6 {[%clk 00:43:55]} {[%emt 00:03:37]} b5 {[%clk
00:24:09]} {[%emt 00:03:31]} 23. c4 {[%clk 00:42:14]} {[%emt 00:02:11]} bxc4
{[%clk 00:20:46]} {[%emt 00:03:53]} 24. Be2 {[%clk 00:42:36]} {[%emt 00:00:08]}
Kh8 {[%clk 00:20:03]} {[%emt 00:01:13]} 25. Qxc4 {[%clk 00:41:15]} {[%emt
00:01:50]} Qxc4 {[%clk 00:13:28]} {[%emt 00:07:06]} 26. Bxc4 {[%clk 00:41:36]}
{[%emt 00:00:09]} h5 {[%clk 00:12:40]} {[%emt 00:01:18]} 27. Bg3 {[%clk
00:38:21]} {[%emt 00:03:44]} f5 {[%clk 00:08:34]} {[%emt 00:04:36]} 28. Ra5
{[%clk 00:37:57]} {[%emt 00:00:54]} e6 {[%clk 00:08:18]} {[%emt 00:00:47]} 29.
Rc1 {[%clk 00:35:58]} {[%emt 00:02:29]} Rf6 {[%clk 00:05:47]} {[%emt 00:03:00]}
30. Be2 {[%clk 00:34:00]} {[%emt 00:02:28]} Rh6 {[%clk 00:03:54]} {[%emt
00:02:23]} 31. Rxc6 {[%clk 00:34:03]} {[%emt 00:00:27]} h4 {[%clk 00:03:32]}
{[%emt 00:00:52]} 32. Bf4 {[%clk 00:34:29]} {[%emt 00:00:05]} Bf6 {[%clk
00:02:12]} {[%emt 00:01:50]} 33. Rb5 {[%clk 00:30:32]} {[%emt 00:04:27]} Rg6
{[%clk 00:01:03]} {[%emt 00:01:39]} 34. Bh5 {[%clk 00:27:02]} {[%emt 00:03:59]}
Nf3+ {[%clk 00:00:49]} {[%emt 00:00:45]} 35. Kf1 {[%clk 00:26:07]} {[%emt
00:01:25]} Rxg2 {[%clk 00:00:44]} {[%emt 00:00:35]} 36. Kxg2 {[%clk 00:26:31]}
{[%emt 00:00:05]} Rg8+ {[%clk 00:01:07]} {[%emt 00:00:07]} 37. Kh3 {[%clk
00:26:15]} {[%emt 00:00:47]} Ng1+ {[%clk 00:00:36]} {[%emt 00:01:01]} 38. Kh2
{[%clk 00:26:38]} {[%emt 00:00:06]} h3 {[%clk 00:00:38]} {[%emt 00:00:28]} 39.
Rb8 {[%clk 00:27:02]} {[%emt 00:00:06]} Bd8 {[%clk 00:00:37]} {[%emt 00:00:31]}
40. Rxd8 {[%clk 00:27:07]} {[%emt 00:00:25]} 1-0

[Event "ODJM A 2025"]
[Site "Willingen GER"]
[Date "2025.06.11"]
[Round "5"]
[White "Grabowski, Joshua"]
[Black "Friedhoff, Mirco"]
[Result "0-1"]
[Termination "normal"]
[Board "36"]
[WhiteElo "1819"]
[BlackElo "1838"]
[WhiteClock "00:12:03"]
[BlackClock "00:07:03"]
[PlyCount "108"]
[WhiteFideId "34678344"]
[BlackFideId "16243447"]
[EventCountry "GER"]
[EventRounds "9"]
[EventType "swiss"]
[EventDate "2025.06.07"]

1. d4 {[%clk 01:30:58]} {[%emt 00:00:02]} Nf6 {[%clk 01:30:56]} {[%emt
00:00:05]} 2. c4 {[%clk 01:30:45]} {[%emt 00:00:41]} c5 {[%clk 01:31:19]}
{[%emt 00:00:08]} 3. d5 {[%clk 01:30:25]} {[%emt 00:00:47]} b5 {[%clk
01:31:42]} {[%emt 00:00:09]} 4. cxb5 {[%clk 01:30:47]} {[%emt 00:00:09]} a6
{[%clk 01:32:09]} {[%emt 00:00:03]} 5. bxa6 {[%emt 00:00:13]} Bxa6 {[%clk
01:32:33]} {[%emt 00:00:06]} 6. Nc3 {[%clk 01:31:32]} {[%emt 00:00:02]} d6
{[%clk 01:32:20]} {[%emt 00:00:43]} 7. e4 {[%clk 01:25:51]} {[%emt 00:06:11]}
Bxf1 {[%clk 01:31:05]} {[%emt 00:01:45]} 8. Kxf1 {[%clk 01:26:12]} {[%emt
00:00:09]} g6 {[%clk 01:31:07]} {[%emt 00:00:28]} 9. g3 {[%clk 01:24:31]}
{[%emt 00:02:09]} Bg7 {[%clk 01:30:13]} {[%emt 00:01:26]} 10. Nf3 {[%clk
01:23:55]} {[%emt 00:01:02]} O-O {[%clk 01:29:08]} {[%emt 00:01:38]} 11. Kg2
{[%clk 01:24:13]} {[%emt 00:00:13]} e6 {[%clk 01:24:11]} {[%emt 00:05:27]} 12.
dxe6 {[%clk 01:21:52]} {[%emt 00:02:50]} fxe6 {[%clk 01:24:21]} {[%emt
00:00:20]} 13. e5 {[%clk 01:22:15]} {[%emt 00:00:08]} dxe5 {[%clk 01:18:12]}
{[%emt 00:06:39]} 14. Qxd8 {[%clk 01:21:52]} {[%emt 00:00:53]} Rxd8 {[%clk
01:18:37]} {[%emt 00:00:05]} 15. Ng5 {[%clk 01:20:33]} {[%emt 00:01:48]} Re8
{[%clk 01:15:22]} {[%emt 00:03:45]} 16. Nce4 {[%clk 01:14:13]} {[%emt
00:06:51]} Nbd7 {[%clk 01:08:03]} {[%emt 00:07:48]} 17. Nd6 {[%clk 01:07:13]}
{[%emt 00:07:30]} Reb8 {[%clk 01:07:53]} {[%emt 00:00:40]} 18. b3 {[%clk
00:57:56]} {[%emt 00:09:46]} h6 {[%clk 01:05:27]} {[%emt 00:02:58]} 19. Nge4
{[%clk 00:56:59]} {[%emt 00:01:25]} Nxe4 {[%clk 01:03:53]} {[%emt 00:02:05]}
20. Nxe4 {[%clk 00:57:20]} {[%emt 00:00:09]} Rxb3 {[%clk 01:03:44]} {[%emt
00:00:40]} 21. Bxh6 {[%clk 00:56:51]} {[%emt 00:00:58]} Rb4 {[%clk 00:57:38]}
{[%emt 00:06:37]} 22. Bxg7 {[%clk 00:55:04]} {[%emt 00:02:17]} Rxe4 {[%clk
00:56:39]} {[%emt 00:01:29]} 23. Bh6 {[%clk 00:54:20]} {[%emt 00:01:14]} Rea4
{[%clk 00:56:45]} {[%emt 00:00:24]} 24. Rhd1 {[%clk 00:54:15]} {[%emt
00:00:34]} Nf6 {[%clk 00:56:56]} {[%emt 00:00:20]} 25. Rd2 {[%clk 00:49:57]}
{[%emt 00:04:42]} Nd5 {[%clk 00:54:05]} {[%emt 00:03:27]} 26. Be3 {[%clk
00:47:55]} {[%emt 00:02:31]} c4 {[%clk 00:53:53]} {[%emt 00:00:43]} 27. Bc5
{[%clk 00:45:23]} {[%emt 00:03:00]} Rc8 {[%clk 00:30:18]} {[%emt 00:24:07]} 28.
Be3 {[%clk 00:40:55]} {[%emt 00:04:52]} c3 {[%clk 00:28:35]} {[%emt 00:02:19]}
29. Rdd1 {[%clk 00:28:23]} {[%emt 00:12:52]} Rca8 {[%clk 00:23:51]} {[%emt
00:05:24]} 30. Rdc1 {[%clk 00:25:55]} {[%emt 00:02:57]} Rxa2 {[%clk 00:13:03]}
{[%emt 00:11:19]} 31. Rxa2 {[%clk 00:26:15]} {[%emt 00:00:10]} Rxa2 {[%clk
00:13:30]} {[%emt 00:00:03]} 32. Kf3 {[%clk 00:26:01]} {[%emt 00:00:43]} Kf7
{[%clk 00:13:45]} {[%emt 00:00:16]} 33. Bc5 {[%clk 00:25:06]} {[%emt 00:01:25]}
Kf6 {[%clk 00:11:04]} {[%emt 00:03:11]} 34. Ke4 {[%clk 00:15:26]} {[%emt
00:10:06]} Ra4+ {[%clk 00:09:02]} {[%emt 00:02:35]} 35. Kd3 {[%clk 00:15:09]}
{[%emt 00:00:47]} e4+ {[%clk 00:05:57]} {[%emt 00:03:37]} 36. Ke2 {[%clk
00:11:00]} {[%emt 00:04:38]} Ra2+ {[%clk 00:04:47]} {[%emt 00:01:40]} 37. Kd1
{[%clk 00:10:21]} {[%emt 00:01:06]} e5 {[%clk 00:04:12]} {[%emt 00:01:09]} 38.
Rc2 {[%clk 00:09:47]} {[%emt 00:01:03]} Ra1+ {[%clk 00:03:04]} {[%emt
00:01:38]} 39. Rc1 {[%clk 00:10:00]} {[%emt 00:00:17]} Ra5 {[%clk 00:02:56]}
{[%emt 00:00:39]} 40. Be3 {[%clk 00:09:12]} {[%emt 00:01:17]} Kf5 {[%clk
00:02:55]} {[%emt 00:00:32]} 41. h3 {[%clk 00:08:56]} {[%emt 00:00:45]} Rb5
{[%clk 00:21:29]} {[%emt 00:11:56]} 42. Rc2 {[%clk 00:35:33]} {[%emt 00:03:53]}
Rb1+ {[%clk 00:20:56]} {[%emt 00:01:03]} 43. Rc1 {[%clk 00:35:51]} {[%emt
00:00:10]} Rb3 {[%clk 00:21:20]} {[%emt 00:00:08]} 44. Bc5 {[%clk 00:32:16]}
{[%emt 00:04:06]} e3 {[%clk 00:20:48]} {[%emt 00:01:02]} 45. f3 {[%clk
00:26:10]} {[%emt 00:06:34]} Rb2 {[%clk 00:18:20]} {[%emt 00:02:59]} 46. Rc2
{[%clk 00:26:07]} {[%emt 00:00:33]} Rb5 {[%clk 00:09:31]} {[%emt 00:09:19]} 47.
Ba7 {[%clk 00:17:29]} {[%emt 00:09:08]} Rb1+ {[%clk 00:06:10]} {[%emt
00:03:51]} 48. Ke2 {[%clk 00:15:43]} {[%emt 00:02:15]} Rb2 {[%clk 00:05:13]}
{[%emt 00:01:28]} 49. Kd1 {[%clk 00:15:25]} {[%emt 00:00:45]} Rb7 {[%clk
00:05:34]} {[%emt 00:00:11]} 50. Bc5 {[%clk 00:15:03]} {[%emt 00:00:50]} Rb5
{[%clk 00:06:00]} {[%emt 00:00:06]} 51. Ba7 {[%clk 00:15:16]} {[%emt 00:00:17]}
Ra5 {[%clk 00:06:26]} {[%emt 00:00:03]} 52. Bb8 {[%clk 00:14:40]} {[%emt
00:01:07]} Ra1+ {[%clk 00:06:52]} {[%emt 00:00:04]} 53. Ke2 {[%clk 00:14:56]}
{[%emt 00:00:14]} Rh1 {[%clk 00:06:58]} {[%emt 00:00:22]} 54. h4 {[%clk
00:12:03]} {[%emt 00:03:24]} Rh2+ {[%clk 00:07:03]} {[%emt 00:00:26]} 0-1

[Event "ODJM A 2025"]
[Site "Willingen GER"]
[Date "2025.06.11"]
[Round "5"]
[White "Tulchynsky, Mark"]
[Black "Retzlaff, Kian"]
[Result "1-0"]
[Termination "normal"]
[Board "37"]
[WhiteElo "1810"]
[BlackElo "1946"]
[WhiteClock "00:13:25"]
[BlackClock "00:01:45"]
[PlyCount "83"]
[WhiteFideId "34617698"]
[BlackFideId "34606700"]
[EventCountry "GER"]
[EventRounds "9"]
[EventType "swiss"]
[EventDate "2025.06.07"]

1. e4 {[%clk 01:30:59]} c5 {[%clk 01:30:59]} {[%emt 00:00:01]} 2. Nf3 {[%clk
01:31:18]} {[%emt 00:00:10]} d6 {[%clk 01:31:24]} {[%emt 00:00:04]} 3. Bb5+
{[%clk 01:31:36]} {[%emt 00:00:13]} Nd7 {[%clk 01:31:49]} {[%emt 00:00:05]} 4.
c4 {[%clk 01:31:53]} {[%emt 00:00:13]} e5 {[%clk 01:26:41]} {[%emt 00:05:37]}
5. Nc3 {[%clk 01:29:47]} {[%emt 00:02:36]} Ngf6 {[%clk 01:24:37]} {[%emt
00:02:31]} 6. O-O {[%clk 01:29:28]} {[%emt 00:00:53]} Be7 {[%clk 01:23:54]}
{[%emt 00:01:12]} 7. d3 {[%clk 01:29:03]} {[%emt 00:00:56]} O-O {[%clk
01:12:51]} {[%emt 00:11:33]} 8. Ne1 {[%clk 01:25:54]} {[%emt 00:03:39]} Nb6
{[%clk 01:08:30]} {[%emt 00:04:49]} 9. f4 {[%clk 01:24:15]} {[%emt 00:02:11]}
exf4 {[%clk 01:01:00]} {[%emt 00:08:00]} 10. Bxf4 {[%clk 01:24:31]} {[%emt
00:00:14]} a6 {[%clk 01:00:08]} {[%emt 00:01:22]} 11. Ba4 {[%clk 01:24:47]}
{[%emt 00:00:15]} Nxa4 {[%clk 01:00:13]} {[%emt 00:00:24]} 12. Nxa4 {[%clk
01:23:18]} {[%emt 00:01:59]} b5 {[%clk 00:57:25]} {[%emt 00:03:17]} 13. Nc3
{[%clk 01:23:44]} {[%emt 00:00:05]} b4 {[%clk 00:47:06]} {[%emt 00:10:48]} 14.
Ne2 {[%clk 01:09:41]} {[%emt 00:14:33]} Ng4 {[%clk 00:38:38]} {[%emt 00:08:58]}
15. Nf3 {[%clk 01:06:53]} {[%emt 00:03:19]} Bf6 {[%clk 00:31:45]} {[%emt
00:07:24]} 16. Qd2 {[%clk 01:05:38]} {[%emt 00:01:45]} Ne5 {[%clk 00:30:59]}
{[%emt 00:01:14]} 17. Rae1 {[%clk 01:03:51]} {[%emt 00:02:18]} a5 {[%clk
00:24:48]} {[%emt 00:06:41]} 18. h3 {[%clk 01:01:51]} {[%emt 00:02:30]} a4
{[%clk 00:23:41]} {[%emt 00:01:37]} 19. g4 {[%clk 00:50:05]} {[%emt 00:12:16]}
h6 {[%clk 00:18:38]} {[%emt 00:05:33]} 20. Kh2 {[%clk 00:47:51]} {[%emt
00:02:44]} Qd7 {[%clk 00:16:53]} {[%emt 00:02:15]} 21. Nxe5 {[%clk 00:46:36]}
{[%emt 00:01:44]} Bxe5 {[%clk 00:16:54]} {[%emt 00:00:28]} 22. Ng3 {[%clk
00:44:03]} {[%emt 00:03:05]} a3 {[%clk 00:15:43]} {[%emt 00:01:41]} 23. Bxe5
{[%clk 00:42:00]} {[%emt 00:02:33]} dxe5 {[%clk 00:16:10]} {[%emt 00:00:02]}
24. b3 {[%clk 00:42:24]} {[%emt 00:00:06]} Qd6 {[%clk 00:10:08]} {[%emt
00:06:32]} 25. Rf3 {[%clk 00:41:42]} {[%emt 00:01:13]} f6 {[%clk 00:08:09]}
{[%emt 00:02:28]} 26. Rg1 {[%clk 00:41:07]} {[%emt 00:01:06]} Be6 {[%clk
00:06:45]} {[%emt 00:01:53]} 27. Nh5 {[%clk 00:29:45]} {[%emt 00:11:53]} Qd4
{[%clk 00:04:08]} {[%emt 00:03:07]} 28. Rg2 {[%clk 00:27:11]} {[%emt 00:03:03]}
Rad8 {[%clk 00:03:51]} {[%emt 00:00:47]} 29. Qc1 {[%clk 00:24:45]} {[%emt
00:02:57]} Rf7 {[%clk 00:02:13]} {[%emt 00:02:08]} 30. h4 {[%clk 00:21:51]}
{[%emt 00:03:24]} Qc3 {[%clk 00:01:09]} {[%emt 00:01:34]} 31. Rc2 {[%clk
00:14:29]} {[%emt 00:07:52]} Qd4 {[%clk 00:01:05]} {[%emt 00:00:32]} 32. Rg3
{[%clk 00:13:26]} {[%emt 00:01:34]} Rfd7 {[%clk 00:00:38]} {[%emt 00:00:57]}
33. g5 {[%clk 00:12:42]} {[%emt 00:01:15]} fxg5 {[%clk 00:00:36]} {[%emt
00:00:32]} 34. hxg5 {[%clk 00:13:03]} {[%emt 00:00:09]} hxg5 {[%clk 00:00:33]}
{[%emt 00:00:32]} 35. Qxg5 {[%clk 00:13:07]} {[%emt 00:00:27]} Rf8 {[%clk
00:00:34]} {[%emt 00:00:29]} 36. Nf6+ {[%clk 00:11:41]} {[%emt 00:01:55]} Rxf6
{[%clk 00:00:36]} {[%emt 00:00:29]} 37. Qxf6 {[%clk 00:12:09]} {[%emt
00:00:02]} Qd6 {[%clk 00:00:33]} {[%emt 00:00:33]} 38. Rcg2 {[%clk 00:12:16]}
{[%emt 00:00:23]} Qe7 {[%clk 00:00:33]} {[%emt 00:00:30]} 39. Rxg7+ {[%clk
00:12:34]} {[%emt 00:00:13]} Qxg7 {[%clk 00:00:58]} {[%emt 00:00:04]} 40. Qxe6+
{[%clk 00:12:52]} {[%emt 00:00:12]} Kf8 {[%clk 00:01:21]} {[%emt 00:00:07]} 41.
Rxg7 {[%clk 00:13:06]} {[%emt 00:00:16]} Rxg7 {[%clk 00:01:45]} {[%emt
00:00:06]} 42. Qxe5 {[%clk 00:13:25]} {[%emt 00:00:11]} 1-0